BIBLIOTHÈQUE DE LA MAISON DU MEXIQUE

Logo 1 Logo 2

Humboldt desde México (notice nᵒ 11513)

détails MARC
000 -Sello discográfico
campo de control de longitud fija 00738nam a2200253 4500
005 - Identificación de versión
campo de control 20251016082603.0
035 ## - Otros números de control del sistema
Número de control del sistema 10371
099 ## - fechas locales
Tipo de ítem Koha LIBRO
100 ## - Datos de procesamiento general
Datos de procesamiento general 20040610d1960 m y1spay5003 ba
105 ## - Campo de datos codificados: Material textual, monográfico
Datos codificados de monografía a 001zb
200 1# - Título y mención de responsabilidad
Título propio Humboldt desde México
Designación general del material texto impreso
Primer mención de responsabilidad Juan A. Ortega y Medina
210 ## - Publicación, distribución, etc.
Lugar de publicación, distribución, etc. México
Nombre del editor, distribuidor, etc. Universidad Nacional Autónoma de México, Facultad de Filosofía y Letras
Fecha de publicación, distribución, etc. 1960
215 ## - Descripción física
Designación de material específico y extensión del ítem 318 p
Otras características físicas il.
Dimensiones 22 cm
345 ## - Nota de información de adquisición
Fuente de adquisición/dirección de la suscripción [OBSOLETO] Donación
600 ## - Nombre personal usado como materia
Elemento de entrada Humboldt
Parte del nombre distinta del elemento de entrada Alexander
Fechas 1769-1859
Adiciones al nombre que no sean fechas Freiherr von
Número Koha 2833
660 ## - Código de área geográfica
Código MX
676 ## - Clasificación Decimal Dewey
Número 925 H91o
700 ## - Nombre personal - Responsabilidad primaria
Elemento de entrada Ortega y Medina
Parte del nombre distinta del elemento de entrada Juan Antonio
Fechas 1913-1992
Número Koha 402
801 #0 - Fuente de origen
Agencia cm
900 ## -
-- 1/7646
900 ## -
-- 7100419411\100604
942 ## - ELEMENTOS DE ENTRADA SECUNDARIOS (KOHA)
Tipo de ítem Koha Livre

Pas d'exemplaire disponible.